000 00360nam a22001217a 4500
003 SGT
082 _a200
_bR10S
100 _aशुक्ल,लक्ष्मीकांत
245 _aराम और रामसे:तिथिबद्ध इतिहास
260 _bमेधा प्रकाशन
_c2010
300 _a192
942 _2ddc
_cBK
999 _c31803
_d31803